Normal view
MARC view
Entry Geographic Name
001 - CONTROL NUMBER
- control field: 5417
003 - CONTROL NUMBER IDENTIFIER
- control field: OSt
005 - DATE AND TIME OF LATEST TRANSACTION
- control field: 20260218100844.0
008 - FIXED-LENGTH DATA ELEMENTS
- fixed length control field: 260218|| aca||aabn | a|a d
040 ## - CATALOGING SOURCE
- Original cataloging agency: OSt
- Transcribing agency: OSt
151 ## - HEADING--GEOGRAPHIC NAME
- Geographic name: Spojené štáty americké
- General subdivision: politika a vláda
670 ## - SOURCE DATA FOUND
- Source citation: Work cat.: (OSt)0: Obama, Barack, 1961- aut 5416, Zasľúbená zem